Harry Potter - Mangemorts vs. Ordre du Phénix - Statistiques

Statistiques générales
  • Ce quiz a été pris 3 018 fois
    2 974 depuis la dernière actualisation
  • Le résultat moyen est 32 sur 69
Statistiques - réponses
Hint Réponse % Correct
Mangemort Bellatrix Lestrange
93%
Ordre du Phénix Sirius Black
88%
Ordre du Phénix Harry Potter
87%
Mangemort Lucius Malefoy
87%
Ordre du Phénix Ron Weasley
87%
Ordre du Phénix Albus Dumbledore
86%
Ordre du Phénix Remus Lupin
84%
Ordre du Phénix Arthur Weasley
83%
Ordre du Phénix Molly Weasley
83%
Mangemort Drago Malefoy
81%
Mangemort Severus Rogue
81%
Ordre du Phénix Severus Rogue
81%
Ordre du Phénix Nymphadora Tonks
80%
Ordre du Phénix Bill Weasley
79%
Ordre du Phénix Fred Weasley
79%
Ordre du Phénix George Weasley
79%
Ordre du Phénix Charlie Weasley
76%
Ordre du Phénix Hermione Granger
76%
Ordre du Phénix James Potter
76%
Ordre du Phénix Lily Potter
75%
Ordre du Phénix Alastor Maugrey
71%
Ordre du Phénix Abelforth Dumbledore
67%
Mangemort Regulus Black
67%
Ordre du Phénix Kingsley Shacklebolt
63%
Ordre du Phénix Alice Londubat
62%
Ordre du Phénix Frank Londubat
61%
Mangemort Peter Pettigrow
58%
Ordre du Phénix Peter Pettigrow
58%
Mangemort Rodolphus Lestrange
58%
Ordre du Phénix Minerva McGonagall
56%
Mangemort Antonin Dolohov
54%
Mangemort Rabastan Lestrange
53%
Mangemort Crabbe
50%
Mangemort Goyle
50%
Ordre du Phénix Mondingus Fletcher
49%
Mangemort Barty Croupton Jr.
44%
Mangemort Alecto Carrow
43%
Mangemort Amycus Carrow
43%
Ordre du Phénix Rubeus Hagrid
43%
Ordre du Phénix Fleur Delacour
41%
Mangemort Igor Karkaroff
33%
Mangemort Yaxley
33%
Mangemort Evan Rosier (génération de Rogue)
25%
Ordre du Phénix Fabian Prewett
23%
Ordre du Phénix Gideon Prewett
23%
Ordre du Phénix Elphias Doge
22%
Mangemort Walden Macnair
22%
Mangemort Rosier (génération de Jedusor)
21%
Ordre du Phénix Arabella Figg
20%
Ordre du Phénix Dedalus Diggle
20%
Ordre du Phénix Edgar Bones
20%
Mangemort Augustus Rookwood
19%
Mangemort Nott
19%
Mangemort Avery (génération de Jedusor)
18%
Mangemort Avery (génération de Rogue)
18%
Ordre du Phénix Emmeline Vance
17%
Ordre du Phénix Marlene McKinnon
15%
Ordre du Phénix Hestia Jones
14%
Ordre du Phénix Sturgis Podmore
13%
Mangemort Travers
12%
Mangemort Mulciber (génération de Jedusor)
11%
Mangemort Mulciber (génération de Rogue)
11%
Ordre du Phénix Dorcas Meadowes
9%
Ordre du Phénix Benjy Fenwick
7%
Ordre du Phénix Caradoc Dearborn
7%
Mangemort Gibbon
7%
Mangemort Jugson
7%
Mangemort Selwyn
6%
Mangemort Wilkes
5%
Aucun quiz correspondant
Distribution des résultats
% des personnes avec chaque résultat
Percentile par nombre de réponses
Votre historique - résultats
Vous n’avez pas pris ce quiz depuis la dernière actualisation